| 000 | 01856nam a2200409 a 4500 | ||
|---|---|---|---|
| 001 | 000012774 | ||
| 003 | DO-SdBNP | ||
| 005 | 20180305111546.0 | ||
| 007 | 000012774 | ||
| 008 | 110712s2010 dr ac 000 0 spa d | ||
| 020 | _a9789945461451 | ||
| 040 |
_aBPMSU _bspa _cBPMSU |
||
| 082 | 0 | 4 |
_a372.6561 _bV145L 3ro. 2010 |
| 100 | 1 | _aValdez, Lidia | |
| 245 | 1 | 0 |
_aLengua española 3 : _beducación básica / _cFiume Gómez ;edición revisada y actualizada Lidia Valdez y Reyna Patricia Carrasco ; producción editorial María del Jesús de la Rosa ; ilustraciones Daniel Espinal, Wi-Hen Fung. |
| 250 | _a2ª ed. revisada y actualizada | ||
| 260 |
_aSanto Domingo : _bActualidad Escolar, _c2010. |
||
| 300 |
_a2v : _bil., retrs. ; _c28 cm. |
||
| 500 | _aIncluye el libro del maestro. | ||
| 500 | _aTexto original elaborado por Fiume Gómez | ||
| 505 | 0 |
_gUnidad 1 -- _tConozco mi entorno -- _gUnidad 2 -- _tValoro mi tiempo -- _gUnidad 3 -- _tEl camello cojito -- _gUnidad 4 -- _tSombra, sombrita -- _gUnidad 5 -- _tYan y Yon -- _gUnidad 6 -- _tEl cuervo y el zorro -- _gUnidad 7 -- _tLa granja de la abuela -- _gUnidad 8 -- _tEl murciélago -- _gUnidad 9 -- _tEl flautista de Hameliín -- |
|
| 650 | 4 |
_aESPAÑOL _xENSEÑANZA |
|
| 650 | 4 |
_aESPAÑOL _xEDUCACIÓN PRIMARIA |
|
| 650 | 4 |
_aEDUCACIÓN PRIMARIA _zREPÚBLICA DOMINICANA |
|
| 650 | 4 |
_aESPAÑOL _xLIBROS DE TEXTOS |
|
| 650 | 4 |
_aESPAÑOL _xESTUDIOS Y EJERCICIOS |
|
| 700 | 1 | _aCarrasco, Reyna Patricia | |
| 700 | 1 |
_aGómez, Fiume _tLengua española 3 |
|
| 700 | 1 |
_aRosa, María del Jesús de la _eed. |
|
| 700 | 1 |
_aEspinal, Daniel, _eil. |
|
| 700 | 1 |
_aFung, Wi-Hen, _eil. |
|
| 910 | _aValidado. Control de calidad MFF | ||
| 942 |
_2ddc _cBK |
||
| 945 | _aRemanejado para la BNPHU / 2018 VM | ||
| 956 |
_aVMATEO _b10 _c20150810 _lBPMSU _h00151 |
||
| 956 |
_aLOPEREZ _b10 _c20160420 _lBPMSU _h00041 |
||
| 999 |
_c8187 _d8187 |
||